| 000 | 01257nam a2200349 i 4500 | ||
|---|---|---|---|
| 001 | 000014905 | ||
| 003 | DO-SdBNP | ||
| 005 | 20260319112425.0 | ||
| 007 | ta | ||
| 008 | 100127s2007 dr a 000 0 spa d | ||
| 020 | _a097003220X | ||
| 040 |
_aDO-SdBNP _bspa _cBNPHU _erda |
||
| 041 | _aspa | ||
| 082 | 4 |
_aRD863.44 _bU75f 2007 _222 |
|
| 100 | 1 |
_aUreña Rib, Fernando, _d1951- _eautor _4aut. _930237 |
|
| 245 | 1 | 0 |
_aFábulas urbanas / _cFernando Ureña Rib ; corrección, Pedro Ureña Rib, Yolanda Ramírez de Sánchez |
| 250 | _aSegunda edición | ||
| 264 | 4 |
_aSanto Domingo : _bLatin Art Museum : _bFundación Ureña Rib, _c©2007. |
|
| 300 |
_a268 páginas : _bilustraciones ; _c22 cm. |
||
| 336 |
_atexto _btxt _2rdacontent |
||
| 337 |
_asin mediación _bn _2rdamedia |
||
| 338 |
_avolumen _bnc _2rdacarrier |
||
| 500 | _aIncluye datos biográficos del autor en la solapa de la cubierta | ||
| 590 | _aInventariado, 2026/BT | ||
| 650 | 4 |
_aFábulas dominicanas _97204 |
|
| 650 | 4 |
_aCuentos dominicanos _9176 |
|
| 650 | 4 |
_aLiteratura dominicana. _967 |
|
| 700 | 1 |
_aUreña Rib, Pedro, _ecorrector _4corr. _989249 |
|
| 700 | 1 |
_aRamírez Sánchez, Yolanda de, _ecorrector _4corr. _989248 |
|
| 910 | _aValidado. Control de calidad MFF | ||
| 942 |
_2ddc _cLBS1 |
||
| 999 |
_c14485 _d14485 |
||